000 01423nam a2200385 a 4500
001 000114819
003 CHAP
005 20220329144500.0
008 180423s2017 mx a |rl l||0|0|spa d
010 _a111280
011 _a112252
020 _a9786074511307
040 _cCHAP
082 0 4 _a378.1980972
_bG21
245 0 4 _aLas trayectorias escolares universitarias en un tablero de serpientes y escaleras /
_cpor Adrián de Garay Sánchez, Dinora Miller Flores e Iván Montoya.
260 _aMéxico :
_bANUIES,
_c2017.
300 _a187 p. : il.
590 _aBATCH-UPD
_b05
_c20180423
_lUCH01
_h0901
590 _aE8697GMM
_b05
_c20180423
_lUCH01
_h0859
590 _aE8697GMM
_b05
_c20180423
_lUCH01
_h0920
590 _aE8697GMM
_b05
_c20180423
_lUCH01
_h0923
590 _aE8697GMM
_b05
_c20180424
_lUCH01
_h0929
590 _aE8697GMM
_b05
_c20180424
_lUCH01
_h0930
650 1 4 _aEstudiantes universitarios
_xCondiciones económicas.
_9127292
650 1 4 _aEstudiantes universitarios
_xCondiciones sociales.
_9127293
650 1 4 _aEstudiantes
_xAptitud de aprendizaje.
_9130310
650 1 4 _aUniversidad Autónoma Metropolitana
_xEstudiantes.
_9175650
700 0 _aGaray Sánchez, Adrián de.
_945592
700 1 _aMiller, Dinora
_9135190
700 1 _aMontoya, Iván
_9135191
830 0 0 _aColección Biblioteca de la Educación Superior. Serie estudios
_924720
901 _aBK
942 _cLIBRO
942 _n0
999 _c111280
_d111280